003090000a2200133000450000500170000010000550001724500210007225000090009326000320010230000120013404000080014636500090015465000120016320120302064024.0 a Bhatkande,Sriram Mahadev;Apte,shantaram Parshuram a Vedmata-Gayatri a 2nd aThane:Ghantali mitra Mandal aix;70p. aMar b15/- aGayatri